Assessment of Stress (Record no. 69105)

MARC details
000 -LEADER
fixed length control field 00377nam a2200157Ia 4500
008 - FIXED-LENGTH DATA ELEMENTS--GENERAL INFORMATION
fixed length control field 221007s9999 xx 000 0 und d
041 ## - LANGUAGE CODE
Language code of text/sound track or separate title eng
082 ## - DEWEY DECIMAL CLASSIFICATION NUMBER
Item number GAV
100 ## - MAIN ENTRY--PERSONAL NAME
Personal name Gavande Prajakta A.
9 (RLIN) 101950
245 ## - TITLE STATEMENT
Title Assessment of Stress
250 ## - EDITION STATEMENT
Edition statement 2K101034
260 ## - PUBLICATION, DISTRIBUTION, ETC. (IMPRINT)
Date of publication, distribution, etc. 2012
Name of publisher, distributor, etc. Pune University
Place of publication, distribution, etc. Ratnagiri
300 ## - PHYSICAL DESCRIPTION
Extent 65p
520 ## - SUMMARY, ETC.
Summary, etc. Sonar Pranita
906 ## - LOCAL DATA ELEMENT F, LDF (RLIN)
b General
Holdings
Withdrawn status Lost status Damaged status Not for loan Home library Current library Date acquired Vendor Full call number Barcode Date last seen Bill Date Koha item type Original Barcode
        Smt. Hiraben Nanavati Institute of Management & Research for Women Smt. Hiraben Nanavati Institute of Management & Research for Women 06/08/2012 Satya Gilani GAV HIMR-PR-474 07/10/2022 06/08/2012 Project Reports PR0474